|
|
|
|
| LEADER |
00000cam a2200000 4500 |
| 001 |
vtls012270441 |
| 003 |
SK-MaSNL |
| 005 |
20260317112348.0 |
| 008 |
250203s2001 xo oabldrp 000 0 slo |
| 015 |
|
|
|a SNBA2001/08
|
| 020 |
|
|
|a 8089002307
|q (brožované)
|
| 040 |
|
|
|a SNK
|b slo
|c SNK
|e rda
|
| 041 |
0 |
|
|a slo
|
| 043 |
|
|
|a e------
|
| 044 |
|
|
|a xo
|c SK
|
| 072 |
|
7 |
|a 91
|x Geografia ako veda. Výskum. Cestovanie
|2 konspekt
|
| 072 |
|
7 |
|a 37.016
|x Učebné osnovy. Vyučovacie predmety. Učebnice
|2 konspekt
|
| 080 |
|
|
|a 91
|2 2011
|
| 080 |
|
|
|a (4)
|2 2011
|
| 080 |
|
|
|a (075.3)
|2 2011
|
| 100 |
1 |
|
|a Zaťková, Magdaléna
|4 aut
|4 pht
|9 213792
|
| 245 |
1 |
0 |
|a Geografia Európy
|b tercia : učebnica pre gymnáziá s osemročným štúdiom
|c Magdaléna Zaťková ; ilustrácie Daniel Gurňák, Alena Kadlečíková ; autori fotografií Ľ. Kohan, J. Lacika, V. Lauko, P. Mariot, V. Slavík, V. Székely, R. Straňák, P. Plesník, F. Zatkalík, M. Zaťko, M. Zaťková
|
| 246 |
3 |
4 |
|a Geografia Európy
|b tercia
|
| 250 |
|
|
|a Prvé vydanie
|
| 264 |
|
1 |
|a Bratislava
|b OG - Vydavateľstvo Poľana, spol. s r.o.
|c 2001
|
| 300 |
|
|
|a 120 strán
|b farebné fotografie, grafy, ilustrácie (niektoré farebné), mapy, tabuľky
|c 24 cm
|
| 336 |
|
|
|a text
|b txt
|2 rdacontent
|
| 336 |
|
|
|a statický obraz
|b sti
|2 rdacontent
|
| 337 |
|
|
|a bez média
|b n
|2 rdamedia
|
| 338 |
|
|
|a zväzok
|b nc
|2 rdacarrier
|
| 500 |
|
|
|a Názov z obalu: Geografia Európy : tercia
|
| 650 |
0 |
7 |
|a geografia
|2 SNKPH
|9 823
|
| 651 |
|
7 |
|a Európa
|2 SNKPHgeo
|9 167569
|
| 655 |
|
7 |
|a učebnice stredných škôl
|2 SNKPH
|9 69323
|
| 700 |
1 |
|
|a Gurňák, Daniel,
|d 1974-
|4 ill
|9 203303
|
| 700 |
1 |
|
|a Kadlečíková, Alena
|4 ill
|9 44679
|
| 700 |
1 |
|
|a Kohan, Ľuboslav
|4 pht
|9 11620
|
| 700 |
1 |
|
|a Lacika, Ján,
|d 1956-
|4 pht
|9 101502
|
| 700 |
1 |
|
|a Lauko, Viliam,
|d 1951-2017
|4 pht
|9 240436
|
| 700 |
1 |
|
|a Mariot, Peter,
|d 1940-2004
|4 pht
|9 93040
|
| 700 |
1 |
|
|a Slavík, Vladimír,
|d 1953-
|4 pht
|9 528994
|
| 700 |
1 |
|
|a Székely, Vladimír,
|d 1959-
|4 pht
|9 8927
|
| 700 |
1 |
|
|a Straňák, R.
|4 pht
|9 695593
|
| 700 |
1 |
|
|a Plesník, Pavol,
|d 1920-2009
|4 pht
|9 114603
|
| 700 |
1 |
|
|a Zatkalík, František,
|d 1941-2019
|4 pht
|9 38991
|
| 700 |
1 |
|
|a Zaťko, Michal,
|d 1933-2011
|4 pht
|9 114367
|
| 852 |
|
|
|a Slovenská národná knižnica
|
| 919 |
|
|
|a 80-89002-30-7
|
| 954 |
|
|
|a odborná, vedecká literatúra pôvodná (slovenská)
|2 lita
|
| 954 |
|
|
|a UC
|
| 999 |
|
|
|c 1083256
|d 1085186
|
| 952 |
|
|
|a SNK
|b SNK
|y PREZ
|7 0
|p 17A1536620
|o snkSC 209757
|i snk2025/1655
|8 7
|0 0
|1 0
|4 0
|d 2025-02-03
|f 1
|l 0
|r 2025-11-03 00:00:00
|w 2026-02-24
|